书目信息 |
| 题名: |
Java物联网程序设计基础
|
|
| 作者: | 周雯 , 薛文龙 主编 | |
| 分册: | ||
| 出版信息: | 北京 机械工业出版社 2016.11 |
|
| 页数: | 244页 | |
| 开本: | 26cm | |
| 丛书名: | ||
| 单 册: | ||
| 中图分类: | TN929.53 , TP393.409 | |
| 科图分类: | ||
| 主题词: | JAVA语言--程序设计--职业教育--教材 , 互联网络--应用--职业教育--教材 , 智能技术--应用--职业教育--教材 | |
| 电子资源: | ||
| ISBN: | 978-7-111-53789-2 | |
| 000 | 01149nam0 2200301 450 | |
| 001 | 0400001803 | |
| 005 | 20171019162334.0 | |
| 010 | @a978-7-111-53789-2@dCNY39.80 | |
| 100 | @a20161213d2016 em y0chiy50 ea | |
| 101 | 0 | @achi |
| 102 | @aCN@b110000 | |
| 105 | @ay z 000yy | |
| 106 | @ar | |
| 200 | 1 | @aJava物联网程序设计基础@9Java wu lian wang cheng xu she ji ji chu@f周雯,薛文龙主编 |
| 210 | @a北京@c机械工业出版社@d2016.11 | |
| 215 | @a244页@d26cm | |
| 330 | @a职业教育物联网应用技术专业“十三五”规划教材 | |
| 330 | @a本书共分六章:第1章欢迎进入Java世界——搭建开发环境;第2章四输入模块数据采集——Java语法基础;第3章四输入模块数据采集——流程控制结构;第4章四输入模块数据采集——数组与集合;第5章数据采集——Java面向对象;第6章温度湿度实时更新系统程序开发。 | |
| 606 | 0 | @aJAVA语言@x程序设计@x职业教育@j教材 |
| 606 | 0 | @a互联网络@x应用@x职业教育@j教材 |
| 606 | 0 | @a智能技术@x应用@x职业教育@j教材 |
| 610 | 0 | @a物联网 |
| 690 | @aTN929.53@v5 | |
| 690 | @aTP393.409@v5 | |
| 701 | 0 | @a周雯@9zhou wen@4主编 |
| 701 | 0 | @a薛文龙@9xue wen long@4主编 |
| 801 | 0 | @aCN@b91MARC@c20171019 |
| 905 | @b1030696-700@dTN929.53@f5@e202 | |
| Java物联网程序设计基础/周雯,薛文龙主编.-北京:机械工业出版社,2016.11 |
| 244页;26cm |
| ISBN 978-7-111-53789-2:CNY39.80 |
| 职业教育物联网应用技术专业“十三五”规划教材.-本书共分六章:第1章欢迎进入Java世界——搭建开发环境;第2章四输入模块数据采集——Java语法基础;第3章四输入模块数据采集——流程控制结构;第4章四输入模块数据采集——数组与集合;第5章数据采集——Java面向对象;第6章温度湿度实时更新系统程序开发。 |
| ● |
| 相关链接 |
|
|
|
|
正题名:Java物联网程序设计基础
索取号:TN929.53/202
 
预约/预借
| 序号 | 登录号 | 条形码 | 馆藏地/架位号 | 状态 | 备注 |
| 1 | 1030696 | 210306961 | 第二样本阅览室/ [索取号:TN929.53/202] | 在馆 | |
| 2 | 1030697 | 210306970 | 密集书库-物理学院/ [索取号:TN929.53/202] | 在馆 | |
| 3 | 1030698 | 210306989 | 第三借阅区/ [索取号:TN929.53/202] | 在馆 | |
| 4 | 1030699 | 210306998 | 第三借阅区/ [索取号:TN929.53/202] | 在馆 | |
| 5 | 1030700 | 210307005 | 第三借阅区/ [索取号:TN929.53/202] | 在馆 |